| 000 | 00977nam a22002537a 4500 | ||
|---|---|---|---|
| 005 | 20240530110407.0 | ||
| 008 | 150204s2011 ua g b 000 0 ara d | ||
| 017 |
_a19973 _bمصر . دار الكتب المصرية |
||
| 020 | _a978977368369 | ||
| 040 | _aEG-CaGPL | ||
| 041 | 0 | _aara | |
| 082 | 0 | 4 |
_221 _a027.625\ _bد أ |
| 100 | 0 | _aدينا شفيق عبدالحميد عبدالمنعم | |
| 245 | 1 | 2 |
_aالانشطة المكتبية و دورها فى الابداع / _cدينا شفيق عبدالحميد عبدالمنعم |
| 260 |
_aالاسكندرية : _bمؤسسة حورس الدولية ، _c2011 |
||
| 300 |
_a271 ص ؛ _c24 سم |
||
| 504 | _aببليوجرافية : ص 248 - 269 | ||
| 650 | 0 | 4 | _aالمكتبات |
| 650 | 0 | 4 | _aالخدمة المكتبية |
| 650 | 0 | 4 |
_aالمكتبات _xانشطة |
| 650 | 0 | 4 |
_aابداع الطفل _xمكتبات الاطفال _zمصر |
| 942 |
_2ddc _cBK |
||
| 999 |
_c60380 _d60380 |
||